000
00260nam a2200097Ia 4500
008
240331s9999 xx 000 0 und d
082
_b
BAL
100
_a
Balasingham,A
245
0
_a
War and peace :
_b
army struggle and peace efforts of liberation tigers
942
_c
L
999
_c
2204
_d
2204